000 00554nam a2200193Ia 4500
003 LK-CoDNM
008 010623t2001 xxu||||| |||| 00| 1 sin d
040 _aLK-CoDNM
_dLK-CoDNM
_eLK-CoDNM
041 _asin
080 _a159.9 MUR
100 _aMurthi Thero, Uyangoda Maithri
245 _aමනස පිළිබඳ බෞද්ධ විග්‍ර‍හය
246 _aManasa Pilibanda Baudha Vigrahaya
260 _bSamayawardhana
_aColombo
_c2001
300 _b210p., 21 cm
650 _aBuddhism
650 _aPsychology
942 _cBK
999 _c121370
_d121370